000 00825nam a2200241 a 4500
001 60555
005 20180714061845.0
008 140415s2013 mx a r 000 0 spa d
020 _a9786071507778
040 _erda
041 0 _aspa
082 0 _a616.992
_bHER
100 1 _aHerrera Gómez, Ángel,
_eautor
245 1 0 _aManual de oncología :
_bProcedimientos médicos quirúrgicos /
_cÁngel Herrera Gómez, Matín Grandos García.
250 _a5a. edición
264 1 _aMéxico, D.F. :
_bMcGraw-Hill Interamericana Editores,
_c2013
300 _axxxiv, 1300 páginas :
_bilustraciones, gráficas, tablas ;
_c24 cm.
336 _atexto
_2rdacontent
337 _asin mediación
_2rdamedia
338 _avolumen
_2rdacarrier
650 4 _aOncología
700 1 _aGrandos García, Matín,
_eautor
999 _c60555
_d60555